00351 a2200145 450000100060000002000180000604000240002410000230004824000410007124500360011230000060014836200090015444000110016365000310017446756 a7898526012844 cAnchieta - Aquarius aMachado, Ana Maria10aO menino que espiava pra dentrolpor10aO menino que espiava pra dentro a 0 a2008 1aGlobal 4aLiteratura infanto-juvenil